Legal Methods / (Record no. 5870)
[ view plain ]
| 000 -LEADER | |
|---|---|
| fixed length control field | 00550nam a22002177a 4500 |
| 003 - CONTROL NUMBER IDENTIFIER | |
| control field | OSt |
| 005 - DATE AND TIME OF LATEST TRANSACTION | |
| control field | 20170806104217.0 |
| 008 - FIXED-LENGTH DATA ELEMENTS--GENERAL INFORMATION | |
| fixed length control field | 140624b xxu||||| |||| 00| 0 eng d |
| 020 ## - INTERNATIONAL STANDARD BOOK NUMBER | |
| International Standard Book Number | 9780230285682 |
| 040 ## - CATALOGING SOURCE | |
| Original cataloging agency | LDCLIB |
| Transcribing agency | LDCLIB |
| 082 ## - DEWEY DECIMAL CLASSIFICATION NUMBER | |
| Edition number | 22 |
| Classification number | 340.11 |
| Item number | MCL |
| 100 ## - MAIN ENTRY--PERSONAL NAME | |
| Personal name | Mcleod, Ian. |
| 245 ## - TITLE STATEMENT | |
| Title | Legal Methods / |
| Statement of responsibility, etc | Ian Mcleod. |
| 250 ## - EDITION STATEMENT | |
| Edition statement | 8th ed. |
| 260 ## - PUBLICATION, DISTRIBUTION, ETC. (IMPRINT) | |
| Place of publication, distribution, etc | UK : |
| Name of publisher, distributor, etc | Palgrave Macmillan, |
| Date of publication, distribution, etc | 2011. |
| 300 ## - PHYSICAL DESCRIPTION | |
| Extent | xxi, 317 p. ; |
| Dimensions | 23 cm. |
| 500 ## - GENERAL NOTE | |
| General note | Includes Index |
| 650 ## - SUBJECT ADDED ENTRY--TOPICAL TERM | |
| Topical term or geographic name as entry element | legal research |
| 650 ## - SUBJECT ADDED ENTRY--TOPICAL TERM | |
| Topical term or geographic name as entry element | Legal methods |
| 942 ## - ADDED ENTRY ELEMENTS (KOHA) | |
| Source of classification or shelving scheme | Dewey Decimal Classification |
| Koha item type | Books |
| Withdrawn status | Lost status | Source of classification or shelving scheme | Damaged status | Not for loan | Home library | Current library | Shelving location | Date acquired | Total Checkouts | Full call number | Barcode | Date last seen | Copy number | Price effective from | Koha item type | Public note |
|---|---|---|---|---|---|---|---|---|---|---|---|---|---|---|---|---|
| Dewey Decimal Classification | Law Development Centre Main Library | Law Development Centre Main Library | Text Books and Laws | 06/24/2014 | 340.11 MCL | 1165/2014 | 06/24/2014 | 1 | 06/24/2014 | Books | reserve | |||||
| Dewey Decimal Classification | Law Development Centre Main Library | Law Development Centre Main Library | Text Books and Laws | 06/24/2014 | 340.11 MCL | 1166/2014 | 06/24/2014 | 2 | 06/24/2014 | Books | reserve | |||||
| Dewey Decimal Classification | Law Development Centre Main Library | Law Development Centre Main Library | Text Books and Laws | 06/24/2014 | 340.11 MCL | 1167/2014 | 06/24/2014 | 3 | 06/24/2014 | Books | reserve | |||||
| Dewey Decimal Classification | Law Development Centre Main Library | Law Development Centre Main Library | Text Books and Laws | 06/24/2014 | 340.11 MCL | 1168/2014 | 06/24/2014 | 4 | 06/24/2014 | Books | reserve | |||||
| Dewey Decimal Classification | Law Development Centre Main Library | Law Development Centre Main Library | Text Books and Laws | 06/24/2014 | 340.11 MCL | 1169/2014 | 06/24/2014 | 5 | 06/24/2014 | Books | reserve | |||||
| Dewey Decimal Classification | Law Development Centre Main Library | Law Development Centre Main Library | Text Books and Laws | 06/24/2014 | 340.11 MCL | 1170/2014 | 06/24/2014 | 6 | 06/24/2014 | Books | reserve | |||||
| Dewey Decimal Classification | Law Development Centre Main Library | Law Development Centre Main Library | Text Books and Laws | 06/24/2014 | 340.11 MCL | 1171/2014 | 06/24/2014 | 7 | 06/24/2014 | Books | reserve | |||||
| Dewey Decimal Classification | Law Development Centre Main Library | Law Development Centre Main Library | Text Books and Laws | 06/24/2014 | 340.11 MCL | 1172/2014 | 06/24/2014 | 8 | 06/24/2014 | Books | reserve | |||||
| Dewey Decimal Classification | Law Development Centre Main Library | Law Development Centre Main Library | Text Books and Laws | 06/24/2014 | 340.11 MCL | 1173/2014 | 06/24/2014 | 9 | 06/24/2014 | Books | reserve | |||||
| Dewey Decimal Classification | Law Development Centre Main Library | Law Development Centre Main Library | Text Books and Laws | 06/24/2014 | 340.11 MCL | 1174/2014 | 06/24/2014 | 10 | 06/24/2014 | Books | reserve |
